00425nam a2200169 a 450000100060000000300090000600800410001502000150005604000280007108200160009910000180011524500220013325000060015526000460016130000110020765000370021811555CO-ViMGA141112s2004 ck r 000 u spa d a8482806602 aCO-ViMGAbspacCO-ViMGA04a922.21 J61y1 aYallop, David10aEn nombre de Dios a6 aBogotá, ceditorial Oveja Negra, c1986 a329 p.14aJAMES PAULUS I PAPA, 1912 - 1978